ბათუმის შოთა რუსთაველის სახელმწიფო უნივერსიტეტის ბიბლიოთეკა

როდესაც თენდებოდა (ბიბ.ჩანაწერი № 49921)

000 -LEADER
fixed length control field 00687nam a2200229Ia 4500
001 - CONTROL NUMBER
control field 16857
003 - CONTROL NUMBER IDENTIFIER
control field GE_BSU
008 - FIXED-LENGTH DATA ELEMENTS--GENERAL INFORMATION
fixed length control field 181216s||||||||xx |||||||||||||| ||und||
040 ## - CATALOGING SOURCE
Transcribing agency GE_BSU
080 ## - UNIVERSAL DECIMAL CLASSIFICATION NUMBER
Universal Decimal Classification number 821.353.1-32
100 ## - MAIN ENTRY--PERSONAL NAME
Personal name გელაშვილი, გიორგი
245 ## - TITLE STATEMENT
Title როდესაც თენდებოდა
245 ## - TITLE STATEMENT
Remainder of title ნოველები
245 ## - TITLE STATEMENT
Statement of responsibility, etc. რედ.ხ.ბერულავა
260 ## - PUBLICATION, DISTRIBUTION, ETC.
Place of publication, distribution, etc. თბილისი
260 ## - PUBLICATION, DISTRIBUTION, ETC.
Name of publisher, distributor, etc. ნაკადული
260 ## - PUBLICATION, DISTRIBUTION, ETC.
Date of publication, distribution, etc. 1961
300 ## - PHYSICAL DESCRIPTION
Extent 108გვ. ; 15სმ
653 ## - INDEX TERM--UNCONTROLLED
Uncontrolled term ნოველები
653 ## - INDEX TERM--UNCONTROLLED
Uncontrolled term როდესაც თენდებოდა
942 ## - ADDED ENTRY ELEMENTS (KOHA)
Koha item type წიგნი
ეგზემპლარები
Withdrawn status Lost status Damaged status Not for loan Date acquired Barcode Date last seen Price effective from Koha item type
        2018-12-17 21877 2018-12-17 2018-12-17 წიგნი
        2018-12-17 21876 2018-12-17 2018-12-17 წიგნი